000
00284nam a22001217a 4500
008
181102b xxu||||| |||| 00| 0 eng d
041
_a
eng
080
_a
541
100
_a
12
101
_a
KIM
245
_a
Basic Physical Chemistry Life Sciences
_c
Williams,R,E
942
_2
udc
_c
BK
999
_c
51703
_d
51703